English and Western Literature (Record no. 1573)

MARC details
005 - DATE AND TIME OF LATEST TRANSACTION
control field 20250417164250.0
020 ## - INTERNATIONAL STANDARD BOOK NUMBER
International Standard Book Number 0-02-194440-7
082 ## - DEWEY DECIMAL CLASSIFICATION NUMBER
Classification number 808. 06 MAC
245 ## - TITLE STATEMENT
Title English and Western Literature
260 ## - PUBLICATION, DISTRIBUTION, ETC.
Place of publication, distribution, etc. Illinois,
Name of publisher, distributor, etc. Macmillan,
Date of publication, distribution, etc. 1987.
300 ## - PHYSICAL DESCRIPTION
Extent xviii, 973p., ill., map, picture, table,
Other physical details Index, glossary,
Dimensions 25cm.
942 ## - ADDED ENTRY ELEMENTS (KOHA)
Source of classification or shelving scheme Dewey Decimal Classification
Koha item type Books
Holdings
Date last seen Total checkouts Full call number Barcode Cost, replacement price Price effective from Koha item type Lost status Source of classification or shelving scheme Damaged status Not for loan Withdrawn status Home library Current library Shelving location Date acquired Cost, normal purchase price
04/17/2025   808. 06 MAC 0000005163 45000.00 04/17/2025 Books   Dewey Decimal Classification       College of Business Education Main Library College of Business Education Main Library General Collection 04/17/2025 15000.00
04/17/2025   808. 06 MAC 0000005164 45000.00 04/17/2025 Books   Dewey Decimal Classification       College of Business Education Main Library College of Business Education Main Library General Collection 04/17/2025 15000.00
04/17/2025   808. 06 MAC 0000005165 45000.00 04/17/2025 Books   Dewey Decimal Classification       College of Business Education Main Library College of Business Education Main Library General Collection 04/17/2025 15000.00